00724 2200253 4500001002100000005001700021008004100038035002500079040001500104082002100119090002900140100001400169245006700183250001000250260004200260300002400302500003100326650002700357850001200384990001800396990001800414990001900432990001900451YOGYA-0209000003719520150428141839.0 ind  a0010-020900000037195 aYOPDYOG(B) a92 (Soedjatmoko) aR 92(Soedjatmoko)bNur P aNURSAM, M aPergumulan seorang intelektual biografi SoedjatmokocM. Nursam aCet.1 aJakartabGramedia Pustaka Utamac2002 axxi, 257 hlmc23 cm aBibliografi : hlm. 219-249 aSoedjatmoko - Biografi aYOPDYOG a11000-PD/B.05 a10999-PD/B.05 a5121-bpad/p.03 a5122-bpad/p.03